| 000 | 01266cam a22002894a 4500 | ||
|---|---|---|---|
| 999 |
_c329469 _d329469 |
||
| 001 | 12535998 | ||
| 003 | NUST | ||
| 005 | 20170509115243.0 | ||
| 008 | 010917s2002 caua 001 0 eng | ||
| 010 | _a 2001051104 | ||
| 020 | _a0534386695 | ||
| 040 |
_aDLC _cDLC _dDLC |
||
| 042 | _apcc | ||
| 050 | 0 | 0 |
_aTA340 _b.H38 2002 |
| 082 | 0 | 0 |
_a519.5 HAY _221 |
| 100 | 1 |
_aHayter, Anthony J. _9165 |
|
| 245 | 1 | 0 |
_aProbability and statistics for engineers and scientists / _cAnthony J. Hayter. |
| 250 | _a2nd ed. | ||
| 260 |
_aPacific Grove, CA : _bDuxbury, _cc2002. |
||
| 300 |
_axii, 916 p. : _bill. ; _c25 cm. |
||
| 500 | _aIncludes index. | ||
| 501 | _aH.B | ||
| 650 | 0 |
_aEngineering _xStatistical methods. _9129 |
|
| 650 | 0 |
_aProbabilities. _979 |
|
| 856 | 4 | 2 |
_3Publisher description _uhttp://www.loc.gov/catdir/enhancements/fy1515/2001051104-d.html |
| 856 | 4 | 1 |
_3Table of contents only _uhttp://www.loc.gov/catdir/enhancements/fy1515/2001051104-t.html |
| 906 |
_a7 _bcbc _corignew _d1 _eocip _f20 _gy-gencatlg |
||
| 942 |
_2ddc _cBK _k519.5 HAY |
||